Statistics for Countries Least Similar To Taiwan

Click here to take the quiz!

General Stats

  • This quiz has been taken 16 times
  • The average score is 10 of 20

Answer Stats

RankCountryScore% Correct
16Democratic Republic of the Congo39.2
80%
4Niger36.6
80%
1Somalia33.0
80%
2Chad36.4
73%
12Mali38.5
67%
15Eritrea38.9
60%
9Ethiopia38.0
60%
7Mauritania37.6
60%
10Central African Republic38.1
47%
7South Sudan37.6
47%
5Sudan37.1
47%
11Uganda38.4
40%
20Afghanistan39.7
33%
6Burundi37.2
33%
19Rwanda39.5
33%
14Tanzania38.8
33%
12Togo38.5
33%
17Gambia39.3
27%
17Lesotho39.3
27%
2Yemen36.4
20%

Score Distribution

Percentile by Number Answered

Percent of People with Each Score

Your Score History

You have not taken this quiz